Hauptstädte mit B - Statistiken

Allgemein
  • Dieses Quiz wurde 174 mal gespielt
  • Das Durchschnittsergebnis liegt bei 15 aus 25
Antwortstatistiken
Hauptstadt % Korrekt
Berlin
93%
Brüssel
89%
Budapest
82%
Bukarest
80%
Bern
76%
Brasília
76%
Bangkok
74%
Belgrad
74%
Bogota
73%
Bagdad
70%
Bratislava
69%
Belmopan
66%
Buenos Aires
63%
Beirut
61%
Bamako
57%
Bischkek
51%
Baku
50%
Bangui
43%
Bridgetown
40%
Banjul
35%
Basseterre
35%
Brazzaville
34%
Bissau
31%
Bandar Seri Begawan
30%
Bloemfontein
14%
Keine übereinstimmenden Quizze gefunden
Verteilung der Resultate
Anzahl Personen mit jedem Resultat
Perzentil nach korrekt beantworteten Fragen
Ihre Resultats-Entwicklung
Sie haben dieses Quiz noch nicht gespielt